01019 a2200277 450000500170000002000150001705000200003224501220005226400510017430000370022533600260026233700280028833800270031650400500034350500060039352000060039965000240040565000250042965000250045470000270047970000240050670000300053094200260056095201380058699900170072420260427130003.0 a8188237507 aQK725bPLA 2006 aPlant biotechnology and it's applications in tissue culture / cedited by Ashwani Kumar, Shikha Roy, Sudhir K. Sopory aNew Delhi :bI.K. International Pvt Ltd,c2006 axiii, 307 pages :billustrations 2rdacontentatextbtxt 2rdamediaaunmediatedbn 2rdacarrieravolumebnc aIncludes bibliographical references and index a. a. aPlant cell culture  aPlant tissue culture a Plant biotechnology aKumar, Ashwanieeditor aRoy, Shikhaeeditor aSopory, Sudhir K.eeditor 2lcccBKh725iPLAkQK 00102lcc40708NFICaMCLbMCLcGENd2026-04-27eExpo Projectsl0oQK725 PLA 2006p034770r2026-04-27 13:02:00tc. 1w2026-04-27yBK c11777d11777